000 00344pab a2200145 454500
008 180718b2017 xxu||||| |||| 00| 0 eng d
100 _aLeckey, Robert
245 _aReview of comparative law
260 _c2017
300 _ap.3-24.
362 _aFeb
650 _aComprative law
773 _aSocial and Legal Studies
909 _a114335
999 _c114329
_d114329